| 000 | 00675nam a2200193 a 4500 | ||
|---|---|---|---|
| 001 | 000048607 | ||
| 005 | 20240302073953.0 | ||
| 008 | 190402s2018 dr c 001 0 spa d | ||
| 020 | _a9789945481907 | ||
| 040 |
_aDO-SdBNP _bspa _cBNPHU |
||
| 082 |
_axxx _bG934v |
||
| 100 |
_aGuerrero, Miguel, _d1945- _914303 |
||
| 245 | 1 | 0 |
_aVivir en libertad : _btrayectoria de un ejercicio periodístico / _cMiguel Guerrero ; prólogo Bruno Rosario Candelier. |
| 260 |
_aSanto Domingo, : _bCentenario, _c2018. |
||
| 300 |
_a613 p. : _bretrs. ; _c23 cm. |
||
| 500 | _aIncluye índice onomástico | ||
| 590 | _aInventariado, 2019/ YL | ||
| 700 | 1 | 2 |
_aRosario Candelier, Bruno, _d1941- _eprol. _9851 |
| 999 |
_c48095 _d48095 |
||